Central Library || Chittagong University

Secrets to success in sport & guide for players of all ages ./ (Record no. 112496)

MARC details
000 -LEADER
fixed length control field 00522nam a22001697a 4500
003 - CONTROL NUMBER IDENTIFIER
control field BD-ChCU
005 - DATE AND TIME OF LATEST TRANSACTION
control field 20260429092132.0
008 - FIXED-LENGTH DATA ELEMENTS--GENERAL INFORMATION
fixed length control field 260429b bg ||||| |||| 00| 0 ben d
040 ## - CATALOGING SOURCE
Transcribing agency BD-ChCU
082 ## - DEWEY DECIMAL CLASSIFICATION NUMBER
Classification number 618.707 TOS
100 ## - MAIN ENTRY--PERSONAL NAME
Personal name Torbert , Marianne .
9 (RLIN) 22033
245 ## - TITLE STATEMENT
Title Secrets to success in sport & guide for players of all ages ./
Statement of responsibility, etc. Marianne , Torbert.
260 ## - PUBLICATION, DISTRIBUTION, ETC.
Place of publication, distribution, etc. Englewood :
Name of publisher, distributor, etc. prentice - hall ,
Date of publication, distribution, etc. C 1982
300 ## - PHYSICAL DESCRIPTION
Extent xv , 144p.
650 #0 - SUBJECT ADDED ENTRY--TOPICAL TERM
Topical term or geographic name entry element Physical education and Training .
9 (RLIN) 22035
942 ## - ADDED ENTRY ELEMENTS (KOHA)
Source of classification or shelving scheme Dewey Decimal Classification
Koha item type Books
Suppress in OPAC No
Holdings
Withdrawn status Lost status Source of classification or shelving scheme Damaged status Not for loan Home library Current library Shelving location Date acquired Source of acquisition Total Checkouts Full call number Barcode Date last seen Copy number Price effective from Koha item type
    Dewey Decimal Classification     Chittagong University Library Chittagong University Library Business and Social Science Reading Room 04/29/2026 Purchase   618.707 TOS121087 121087 04/29/2026 C-1 04/29/2026 Books
    Dewey Decimal Classification     Chittagong University Library Chittagong University Library Business and Social Science Reading Room 04/29/2026 Purchase   618.707 TOS 121088 04/29/2026 C-2 04/29/2026 Books
© Copyright 2026. Chittagong University Library, Installation and Maintenance by Prof. Dr. Md. Alamgir, 01711306253